Nonlinear ordinary differential equations /
Guardado en:
| Autor Principal: | |
|---|---|
| Otros Autores: | |
| Formato: | Libro |
| Idioma: | English |
| Publicado: |
Oxford :
Clarendon Press,
1987.
|
| Edición: | 2nd ed. |
| Series: | Oxford applied mathematics and computing science series
|
| Materias: | |
| Acceso en línea: | Publisher description |
| Etiquetas: |
Agregar Etiqueta
Sin Etiquetas, Sea el primero en etiquetar este registro!
|
| LEADER | 01538pam a2200277 a 4500 | ||
|---|---|---|---|
| 001 | MAT.inmabb004216 | ||
| 008 | 860703s1987####enka#####b####001#0#eng## | ||
| 005 | 20130323171825.0 | ||
| 245 | 1 | 0 | |a Nonlinear ordinary differential equations / |c D. W. Jordan and P. Smith. |
| 250 | |a 2nd ed. | ||
| 260 | |a Oxford : |b Clarendon Press, |c 1987. | ||
| 300 | |a ix, 381 p. : |b il. ; |c 22 cm. | ||
| 440 | 0 | |a Oxford applied mathematics and computing science series | |
| 504 | |a Bibliografía: p. [373]-375. | ||
| 505 | 0 | |a 1. Second-order differential equations in the phase plane -- 2. First-order systems in two variables and linearization -- 3. Geometrical and computational aspects of the phase diagram -- 4. Averaging methods -- 5. Perturbation methods -- 6. Singular perturbation methods -- 7. Forced oscillations: harmonic and subharmonic response, stability, entrainment -- 8. Stability -- 9. Determination of stability by solution perturbation -- 10. Liapunov methods for determining stability -- 11. The existence of periodic solutions -- 12. Bifurcations, structural stability, and chaos. | |
| 510 | 4 | |a MR, |c 89a:34001 | |
| 020 | |a 0198596561 (pbk.) | ||
| 020 | |a 019859657X (hard) | ||
| 100 | 1 | |a Jordan, D. W. |q (Dominic William) | |
| 700 | 1 | |a Smith, Peter, |d 1935- | |
| 650 | 0 | |a Differential equations, Nonlinear. | |
| 084 | |a 34-01 (37-01 34A34) |2 MR | ||
| 010 | |a 86018000 | ||
| 040 | |a DLC |c DLC |d DLC | ||
| 856 | 4 | 2 | |3 Publisher description |u http://www.loc.gov/catdir/enhancements/fy0639/86018000-d.html |
| 859 | |h 34 |i J82 |p A-7276 |b BIB. MATEMATICA | ||
